Language Quiz

Random Language or Country Quiz

Which Language? VII Quiz Stats

 Plays Quiz Updated Jan 9, 2018

Also try: Which Language? VI
Challenge
Share
Tweet
Embed
Score 0/15 Timer 03:00
3 Plays Today
Question Answer Wrong Answers
Greece Greek
98.1%
Serbian
0.2%
Latin
0.8%
Greco-Roman
0.8%
North Korea Korean
89.4%
Mandarin
1.3%
Cantonese
0.8%
Pyong
8.5%
Canada English
86.2%
French
9.3%
Punjabi
0.1%
Canadian
4%
Honduras Spanish
85.8%
English
1.8%
Hondurian
6.8%
French
3.6%
Latvia Latvian
82.5%
Russian
13.5%
Finnish
0.9%
Baltic
2.8%
Jordan Arabic
81.5%
Hebrew
8.2%
Persian
5.1%
Kurdish
3.6%
Mongolia Mongolian
80.8%
Mandarin
10%
Cantonese
5.1%
Russian
3.2%
Bangladesh Bengali
76.9%
Nepali
3.6%
Telugu
2.6%
Urdu
14.9%
San Marino Italian
76.5%
Spanish
13.4%
French
7.2%
Latin
1.7%
Uzbekistan Uzbek
76.4%
Russian
18.2%
Karakalpak
1.1%
Tajik
2.9%
Austria German
74.5%
Austrian
21.7%
Hungarian
1%
Czech
0.7%
Myanmar Burmese
67.8%
Shan
1.4%
Hindi
9.9%
Myan
19.1%
Timor-Leste Tetum
27.6%
Mambai
11.7%
Makasai
20.2%
Dutch
38.1%
Marshall Islands Marshallese
21.2%
English
56.8%
Dutch
11.4%
Filipino
8.1%
Zimbabwe Shona
16.6%
Ndebele
20.8%
English
39%
Sotho
20.9%

You're not logged in!

Compare scores with friends on all Sporcle quizzes.
Join for Free
OR
Log In

You Might Also Like...

Show Comments

Extras

Top Quizzes Today


Score Distribution

Your Account Isn't Verified!

In order to create a playlist on Sporcle, you need to verify the email address you used during registration. Go to your Sporcle Settings to finish the process.

Report this User

Report this user for behavior that violates our Community Guidelines.

Details: